01372 a2200205 4500003000500000005001700005010001600022020002200038040000900060082001500069100002200084245007500106250001200181260004700193300003300240505081200273650004401085650001601129740002101145Nust20221027182553.0 a 85006940 a0827325320 (pbk.) cNust00a621.31,KUB1 aKubala, Thomas S.10aElectricity 2 :bdevices, circuits, and materials /cThomas S. Kubala. a4th ed. aAlbany, N.Y. :bDelmar Publishers,cc1986. aix, 126 p. :bill. ;c26 cm. aAlternating Current Principles (Page-1), Inductance and Inductive Reactance (Page-9), Capacitance and Capacitive Reactance (Page-15), Series Circuit Resistance and Inductance (Page-23), Series Circuits Resistance and Capacitance (Page-29), Series Circuits Resistance Inductance and Capacitance (Page-35), Ac Parallel Circuits Containing Inductance (Page-43), Ac Parallel Circuits Containing Inductance and Capacitance (Page-49), Ac Power Power Factor and Power Factor Correction (Page-57), Summary Review of Units (Page-69), Single Phase Three Wire Service Entrance (Page-75), Installation of a Single Phase Three Wire Service Entrance for an Apartment Building (Page-85), Introduction to Fluorescent Lighting (Page-101), Introduction of Fluorescent Lighting (Page-107), Summary Review of Units (Page-117). 0aElectric circuitsxAlternating current. 0aElectricity0 aElectricity two.